Central Library OPAC University of Rajshahi

Digital fundamentals / (Record no. 40425)

MARC details
000 -LEADER
fixed length control field 00762cam a2200265 a 4500
001 - CONTROL NUMBER
control field 40425
003 - CONTROL NUMBER IDENTIFIER
rucl marc code (BD-RjUL)
005 - DATE AND TIME OF LATEST TRANSACTION
control field 20211209053217.0
008 - FIXED-LENGTH DATA ELEMENTS--GENERAL INFORMATION
fixed length control field 080111s2009 njua 001 0 eng
020 ## - INTERNATIONAL STANDARD BOOK NUMBER
International Standard Book Number 9788131734483
035 ## - SYSTEM CONTROL NUMBER
System control number (BD-RjUL)
040 ## - CATALOGING SOURCE
Original cataloging agency DLC
Transcribing agency (BD-RjUL)
Language of cataloging eng
Modifying agency (BD-RjUL)
082 ## - DEWEY DECIMAL CLASSIFICATION NUMBER
Author mark and year FLD 2013
Edition number 23
Classification number 621.381
100 1# - MAIN ENTRY--PERSONAL NAME
Personal name Floyd, Thomas L.
9 (RLIN) 124524
245 10 - TITLE STATEMENT
Title Digital fundamentals /
Statement of responsibility, etc. Thomas L. Floyd.
250 ## - EDITION STATEMENT
Edition statement 10th ed.
260 ## - PUBLICATION, DISTRIBUTION, ETC. (IMPRINT)
Place of publication, distribution, etc. India :
Name of publisher, distributor, etc. Pearson ,
Date of publication, distribution, etc. c2011 [reprint 2013].
300 ## - PHYSICAL DESCRIPTION
Pagination vi, 659 p. :
Illustrations ill. ;
Size 25 cm. +
500 ## - GENERAL NOTE
General note Includes index.
504 ## - BIBLIOGRAPHY, ETC. NOTE
Bibliography, etc Includes index & bibliography
650 #0 - SUBJECT ADDED ENTRY--TOPICAL TERM
Topical term or geographic name as entry element Digital electronics.
9 (RLIN) 124535
Topical term or geographic name as entry element Logic circuits.
9 (RLIN) 117601
942 ## - ADDED ENTRY ELEMENTS (KOHA)
Source of classification or shelving scheme Dewey Decimal Classification
Koha item type Books
Holdings
Lost status Source of classification or shelving scheme Damaged status Not for loan Permanent Location Current Location Shelving location Date acquired Total Checkouts Full call number Date last seen Copy number Koha item type
  Dewey Decimal Classification   Not For Loan Department of Information and Communication Engineering (ICE) Library Department of Information and Communication Engineering (ICE) Library Seminar Library 02/05/2016   621.381 FLD 2013 02/05/2016 C-1 Books